000 00450nam a2200109Ia 4500
008 160909s9999 xx 000 0 und d
100 _aRobson, Kelly.
245 _aFactors That Can Make a Difference in Meeting the Needs of Homeless Students in Schools: Perceptions of District Homeless Liaisons in Ohio
260 _bThe George Washington University
_c2016
650 _aEDUC/SPED
856 _uhttp://pqdtopen.proquest.com/doc/1804425512.html?FMT=ABS
999 _c305006
_d305006